Goethe; historia de un hombre /
Guardado en:
| Autor Principal: | |
|---|---|
| Formato: | Libro |
| Publicado: |
Argentina :
Juventud,
1938
|
| Materias: | |
| Etiquetas: |
Agregar Etiqueta
Sin Etiquetas, Sea el primero en etiquetar este registro!
|
| LEADER | 00441nam a22001695a 4500 | ||
|---|---|---|---|
| 001 | CEM.cems003952 | ||
| 005 | 19000101000000.0 | ||
| 008 | 130507s1938##################000#0#####d | ||
| 003 | CEMS | ||
| 082 | 0 | 4 | |a 928 |
| 100 | 1 | |a Ludwing, Emil | |
| 245 | 1 | 0 | |a Goethe; historia de un hombre / |
| 260 | |a Argentina : |b Juventud, |c 1938 | ||
| 300 | |a 600 p. | ||
| 653 | |a Biografias | ||
| 653 | |a Goethe | ||
| 859 | |a CEMS |b BIB. CEMS - 11 de abril |h 928 |i G555L |p 9591.81 |t Ej.1 | ||
